| 000 | 00947nam a2200229Ii 4500 | ||
|---|---|---|---|
| 003 | JO-AjNU | ||
| 008 | 230605s9999||||xx |||||||||||||| ||und|| | ||
| 017 | _a2007/15007 | ||
| 020 | _a977-383-121-3 | ||
| 040 |
_aJO-AjNU _bara _erda _cJO-AjNU |
||
| 041 | _aara | ||
| 050 | 1 | 4 | _aHG4521 2008 |
| 100 | 3 |
_aتأليف: توفيق، اشرف مصطفى, _eauthor _932388 |
|
| 245 | 0 | 0 | _aكيف تتعلم استثمار الاموال: البورصة، صناديق الاستثمار، اسواق راس المال، الخطوات العملية والثغرات القانونية |
| 250 | _aط1 | ||
| 264 | 3 | 1 | _aالقاهرة: ايتراك للنشر والتوزيع، 2008 |
| 300 |
_a231ص _bيحتوي على ببلوغرافية من 229-231ص |
||
| 336 |
_atext _btxt _2rdacontent |
||
| 337 |
_aunmediated _bn _2rdamedia |
||
| 338 |
_avolume _bnc _2rdacarrier |
||
| 650 | 4 |
_aاستثمار بورصة الاوراق المالية _932389 |
|
| 999 |
_aA13069 _c16637 _d16637 |
||